Fr. Conceicao Rodrigues College of Engineering

The forgotten secrets of a Magical marriage (Record no. 21055)

MARC details
000 -LEADER
fixed length control field 00315nam a2200145Ia 4500
082 ## - DEWEY DECIMAL CLASSIFICATION NUMBER
Item number NAG
100 ## - MAIN ENTRY--PERSONAL NAME
Personal name Nagalakshmi/Shanmugam
245 ## - TITLE STATEMENT
Title The forgotten secrets of a Magical marriage
260 ## - PUBLICATION, DISTRIBUTION, ETC.
Name of publisher, distributor, etc. Embassy Books
Date of publication, distribution, etc. 2016
300 ## - PHYSICAL DESCRIPTION
Extent 226
546 ## - LANGUAGE NOTE
Language note ENGLISH
650 ## - SUBJECT ADDED ENTRY--TOPICAL TERM
Topical term or geographic name entry element General
942 ## - ADDED ENTRY ELEMENTS (KOHA)
Koha item type BOOK
Holdings
Withdrawn status Lost status Damaged status Not for loan Collection Home library Current library Date acquired Total Checkouts Full call number Barcode Date due Date last seen Date last checked out Price effective from Koha item type
        CRC Fr. Agnel's C.Rodrigues College of Engineering Fr. Agnel's C.Rodrigues- College of Engineering 17/03/2023 1 NAG 24718 30/12/2017 12/06/2023 12/06/2023   BOOK